National Institute Of Design : Pune (Record no. 363078)
[ view plain ]
| 000 -LEADER | |
|---|---|
| fixed length control field | 00344nam a2200121Ia 4500 |
| 008 - FIXED-LENGTH DATA ELEMENTS--GENERAL INFORMATION | |
| fixed length control field | 250110s9999 xx 000 0 und d |
| 041 ## - LANGUAGE CODE | |
| Language code of text/sound track or separate title | eng |
| 100 ## - MAIN ENTRY--PERSONAL NAME | |
| Personal name | Thuse Harshada |
| 9 (RLIN) | 208700 |
| 245 ## - TITLE STATEMENT | |
| Title | National Institute Of Design : Pune |
| 260 ## - PUBLICATION, DISTRIBUTION, ETC. (IMPRINT) | |
| Name of publisher, distributor, etc. | Final Year B. Arch, BNCA |
| Date of publication, distribution, etc. | 2011 |
| 300 ## - PHYSICAL DESCRIPTION | |
| Extent | 81p |
| 700 ## - ADDED ENTRY--PERSONAL NAME | |
| Personal name | Guide Name:Sahastrabuddhe Swati |
| 9 (RLIN) | 209887 |
| Withdrawn status | Lost status | Damaged status | Not for loan | Home library | Current library | Date acquired | Total Checkouts | Barcode | Date last seen | Bill Date | Koha item type | Original Barcode |
|---|---|---|---|---|---|---|---|---|---|---|---|---|
| Dr. Bhanuben Nanavati College of Architecture | Dr. Bhanuben Nanavati College of Architecture | 18/04/2011 | BNCA-PR-578 | 10/01/2025 | 10/01/2025 | Project Reports | PR0578 |